Medicinal plants / (Record no. 38827)
[ view plain ]
| 000 -LEADER | |
|---|---|
| fixed length control field | 01906nam a22003017a 4500 |
| 005 - DATE AND TIME OF LATEST TRANSACTION | |
| control field | 20100803101449.0 |
| 010 ## - LCCN (DPL NO) | |
| LC control number | ENG-97808 B-425685-689 |
| 020 ## - INTERNATIONAL STANDARD BOOK NUMBER | |
| International Standard Book Number | 8182930669 |
| Terms of availability | 1100.00 |
| 020 ## - INTERNATIONAL STANDARD BOOK NUMBER | |
| International Standard Book Number | 9788182930667 |
| Terms of availability | 1100.00 |
| 035 ## - SYSTEM CONTROL NUMBER | |
| System control number | EN-81341 B-425685-689 |
| 037 ## - SOURCE OF ACQUISITION | |
| Source of stock number/acquisition | DBAD/PUB |
| 037 ## - SOURCE OF ACQUISITION | |
| Source of stock number/acquisition | Allied Pub/Ven |
| 082 ## - DEWEY DECIMAL CLASSIFICATION NUMBER | |
| Classification number | 581.634 |
| 100 ## - MAIN ENTRY--PERSONAL NAME | |
| Personal name | Anil Kumar |
| 245 ## - TITLE STATEMENT | |
| Title | Medicinal plants / |
| Statement of responsibility, etc | by Anil Kumar |
| 260 ## - PUBLICATION, DISTRIBUTION, ETC. (IMPRINT) | |
| Place of publication, distribution, etc | New Delhi |
| Name of publisher, distributor, etc | International Scientific Publishing Academy |
| Date of publication, distribution, etc | 2010 |
| 270 ## - ADDRESS | |
| Address | 4594/9, Daryaganj |
| City | New Delhi |
| Postal code | 110002 |
| 300 ## - PHYSICAL DESCRIPTION | |
| Extent | viii, 404p. |
| Dimensions | 22cm (Hb) |
| 500 ## - GENERAL NOTE | |
| General note | includes bibliography and index |
| 942 ## - ADDED ENTRY ELEMENTS (KOHA) | |
| Source of classification or shelving scheme | Dewey Decimal Classification |
| Item type | English Books |
| Classification part | 581.634 |
| Call number suffix | ANI |
| Withdrawn status | Lost status | Not for loan | Collection code | Home library | Current library | Date acquired | Source of acquisition | Cost, normal purchase price | Full call number | Barcode | Copy number | Cost, replacement price | Koha item type |
|---|---|---|---|---|---|---|---|---|---|---|---|---|---|
| Non-fiction | Bawana | Bawana | 15/06/2011 | Allied Pub/2842/22.3.11/75/4.3.11/28.3.11 | 1100.00 | 581.634 ANI | B-425688 | 1 | 1100.00 | English Books | |||
| Non-fiction | Central Library | Central Library | 15/06/2011 | Allied Pub/2842/22.3.11/75/4.3.11/28.3.11 | 1100.00 | 581.634 ANI | B-425685 | 1 | 1100.00 | English Books | |||
| Not For Loan | Non-fiction | D.B.Act.Division | D.B.Act.Division | 03/08/2010 | DBAD/PUB | 1100.00 | 580.634 ANI | EN-81341 | 1 | 1100.00 | English Books | ||
| Non-fiction | Patel Nagar | Patel Nagar | 15/06/2011 | Allied Pub/2842/22.3.11/75/4.3.11/28.3.11 | 1100.00 | 581.634 ANI | B-425686 | 1 | 1100.00 | English Books | |||
| Non-fiction | Sarojini Nagar | Sarojini Nagar | 15/06/2011 | Allied Pub/2842/22.3.11/75/4.3.11/28.3.11 | 1100.00 | 581.634 ANI | B-425687 | 1 | 1100.00 | English Books | |||
| Non-fiction | Shahdara Branch | Shahdara Branch | 15/06/2011 | Allied Pub/2842/22.3.11/75/4.3.11/28.3.11 | 1100.00 | 581.634 ANI | B-425689 | 1 | 1100.00 | English Books |
